Normal view MARC view
  • Corbett, Jim,

Entry Personal Name

Number of records used in: 5

001 - CONTROL NUMBER

  • control field: 11226

003 - CONTROL NUMBER IDENTIFIER

  • control field: NUST

005 - DATE AND TIME OF LATEST TRANSACTION

  • control field: 20180625120503.0

008 - FIXED-LENGTH DATA ELEMENTS

  • fixed length control field: 180625|| aca||aabn | a|a d

040 ## - CATALOGING SOURCE

  • Original cataloging agency: NUST
  • Transcribing agency: NUST

100 ## - HEADING--PERSONAL NAME

  • Personal name: Corbett, Jim,
  • Dates associated with a name: 1875-1955.

670 ## - SOURCE DATA FOUND

  • Source citation: Work cat.: (NUST)48238: Corbett, Jim, 1875-1955., The second Oxford India illustrated Corbett /, 2006.
© 2023 Central Library, National University of Sciences and Technology. All Rights Reserved.